000 00371nam a22001577a 4500
999 _c523616
_d523616
003 NUST
020 _a9789693708820
038 _awaseem
082 _a128
_bDIC
100 _aBhatti, Amjad Ali
_914347
245 _aA Dictionary of Wisdom /
_cAmjad Ali Bhatti
260 _aIslamabad :
_bN.B.F,
_c2015.
300 _a992 p. ;
500 _aHardcover.
942 _2ddc
_cBK